| 000 | 01114nam a22002537a 4500 | ||
|---|---|---|---|
| 003 | OSt | ||
| 005 | 20250922163925.0 | ||
| 008 | 240313b ||||| |||| 00| 0 eng d | ||
| 040 | _c0 | ||
| 082 | _aDPer 621.381 In821 August 2022 v. 37 n. 8 | ||
| 100 |
_aZhang, Yiming. _eauthor. _954534 |
||
| 245 |
_aMisalignment-tolerant dual-transmitter electric vehicle wireless charging system with reconfigurable topologies / _cYiming Zhang, Wenbin Pan, Hui Wang, Zhiwei Shen, Yuanchao Wu, Jiqing Dong, and Xingkui Mao. |
||
| 260 |
_aNew York ; _bThe Institute of Electrical and Electronics Engineers, Inc. , _cAugust 2022. |
||
| 300 |
_aVolume 37, pages 8816-8819 ; _billustration ; _c28 cm. |
||
| 500 | _aIEEE Transitions on Power Electronics, v. 37 n. 8, pages 8816-8819, August 2022. | ||
| 700 |
_aZhang, Yiming. _eauthor. _954534 |
||
| 700 |
_aPan, Wenbin. _eauthor. _954536 |
||
| 700 |
_aWang, Hui. _eauthor. _954538 |
||
| 700 |
_aShen, Zhiwei. _eauthor. _954540 |
||
| 700 |
_aWu, Yuanchao. _eauthor. _954542 |
||
| 700 |
_aDong, Jiqing. _eauthor. _954544 |
||
| 700 |
_aMao, Xingku. _eauthor. _954545 |
||
| 942 |
_2ddc _cPER |
||
| 999 |
_c19655 _d19655 |
||